csgo pistols every skin(english name) - Statistics

General Stats
  • This quiz has been taken 27 times
  • The average score is 99 of 347
Answer Stats
Picture Answer % Correct
Blaze
86%
Blaze
86%
Fade
86%
Fade
86%
Asiimov
82%
Printstream
82%
Printstream
82%
Case Hardened
77%
Crimson Web
77%
Crimson Web
77%
Crimson Web
77%
Eco
77%
Candy Apple
68%
Candy Apple
68%
Vogue
68%
Whiteout
68%
Whiteout
68%
Default
64%
Default
64%
Default
64%
Default
64%
Default
64%
Default
64%
Default
64%
Default
64%
Default
64%
Default
64%
Dragon Tattoo
64%
Franklin
64%
Franklin
64%
Hyper Beast
64%
Night
64%
Night
64%
Night
64%
Sand Dune
64%
Sand Dune
64%
Wasteland Rebel
64%
Water Elemental
64%
Code Red
59%
Gamma Doppler
59%
Golden Koi
59%
Mecha Industries
59%
Monkey Business
59%
Moonrise
59%
Neo Noir
59%
Neo Noir
59%
Oxide Blaze
59%
Oxide Blaze
59%
Amber Fade
55%
Amber Fade
55%
Blueprint
55%
Cyrex
55%
Emerald
55%
Emerald
55%
Fuel Injector
55%
Kill Confirmed
55%
Urban DDPAT
55%
Urban DDPAT
55%
Victoria
55%
X Ray
55%
Bullet Queen
50%
Cartel
50%
Cartel
50%
Fennec Fox
50%
Fire Elemental
50%
Hypnotic
50%
Light Rail
50%
Pink DDPAT
50%
The Bronze
50%
Blue Ply
45%
Cassette
45%
Catacombs
45%
Conspiracy
45%
Cortex
45%
Decimator
45%
Muertos
45%
Naga
45%
Nuclear Garden
45%
Ocean Drive
45%
Orion
45%
See Ya Later
45%
Weasel
45%
Bronze Deco
41%
Bunsen Burner
41%
Capillary
41%
Cobalt Disruption
41%
Fairy Tale
41%
Flashback
41%
Hand Cannon
41%
High Beam
41%
Ironwork
41%
Ocean Foam
41%
Polymer
41%
The Traitor
41%
Tigris
41%
Black Lotus
36%
Brass
36%
Brass
36%
Chalice
36%
Coolant
36%
Guardian
36%
Kumicho Dragon
36%
Melondrama
36%
Purple DDPAT
36%
Safety Net
36%
Silver
36%
Silver
36%
Snack Attack
36%
Splash
36%
Sputnik
36%
Torque
36%
Trigger Discipline
36%
Bone Mask
32%
Bone Mask
32%
Caiman
32%
Crazy 8
32%
Dark Water
32%
Grinder
32%
Groundwater
32%
Groundwater
32%
Isaac
32%
Kami
32%
Mudder
32%
Neon Kimono
32%
Nitro
32%
Nitro
32%
Nitro
32%
Nuclear Threat
32%
Nuclear Threat
32%
Off World
32%
Pilot
32%
Stainless
32%
Sunset Storm
32%
Sunset Storm
32%
Synth Leaf
32%
Ticket to Hell
32%
Twilight Galaxy
32%
Undertow
32%
Visions
32%
Berries And Cherries
27%
Chainmail
27%
Clear Polymer
27%
Corinthian
27%
Corticera
27%
Crimson Kimono
27%
Emerald Jormungandr
27%
Hemoglobin
27%
Midnight Storm
27%
Monster Mashup
27%
Overgrowth
27%
Reactor
27%
Sandstorm
27%
Scorpion
27%
Serum
27%
Steel Disruption
27%
Steel Disruption
27%
Toxic
27%
Acid Etched
23%
Angry Mob
23%
Anodized Navy
23%
Bengal Tiger
23%
Blue Fissure
23%
Boreal Forest
23%
Brother
23%
Business Class
23%
Check Engine
23%
Colony
23%
Fall Hazard
23%
Gnarled
23%
Hive
23%
Ice Cap
23%
Inferno
23%
Ivory
23%
Jungle
23%
Llama Cannon
23%
Mehndi
23%
Obsidian
23%
Road Rash
23%
Royal Blue
23%
Sacrifice
23%
Survivalist
23%
Target Acquired
23%
The Fuschia Is Now
23%
Urban Hazard
23%
Urban Hazard
23%
Valence
23%
Warhawk
23%
Winterized
23%
Xiangliu
23%
Yellow Jacket
23%
Bamboozle
18%
Blood Tiger
18%
Blue Titanium
18%
Cobalt Quartz
18%
Directive
18%
Duelist
18%
Fowl Play
18%
Heirloom
18%
Imperial
18%
Imperial Dragon
18%
Junk Yard
18%
Lead Conduit
18%
Metallic DDPAT
18%
Meteorite
18%
Orange Peel
18%
Para Green
18%
Pulse
18%
Reboot
18%
Red Astor
18%
Re Entry
18%
Royal Legion
18%
Scumbria
18%
Stained
18%
Supernova
18%
Terrace
18%
Turf
18%
Twin Turbo
18%
Vino Primo
18%
Ancient Visions
14%
Avalanche
14%
Bamboo Forest
14%
Boost Protocol
14%
Cobra Strike
14%
Contractor
14%
Contractor
14%
Copper Galaxy
14%
Forest Leaves
14%
Fubar
14%
Grassland
14%
Grip
14%
Gunsmoke
14%
Hades
14%
Handgun
14%
Hexane
14%
Nevermore
14%
Night Heist
14%
Oceanic
14%
Orange Anolis
14%
Ossified
14%
Panther
14%
Pathfinder
14%
Pathfinder
14%
Pole Position
14%
Red Quartz
14%
Retrobution
14%
Royal Consorts
14%
Rust Leaf
14%
Scrawl
14%
Skull Crusher
14%
Space Race
14%
Syndicate
14%
Titanium Bit
14%
Tuxedo
14%
Woodsman
14%
Army Mesh
9%
Black Limba
9%
Bone Forged
9%
Briar
9%
Buddy
9%
Canal Spray
9%
Cracked Opal
9%
Crimson Blossom
9%
Cut Out
9%
Death Rattle
9%
Demolition
9%
Desert Brush
9%
Dezastre
9%
Digital Architect
9%
Drift Wood
9%
Flame Test
9%
Flash Out
9%
Flora Carnivora
9%
Forest Night
9%
Forest Night
9%
Granite Marbleized
9%
Heist
9%
Hot Shot
9%
Indigo
9%
Iron Clad
9%
Jambiya
9%
Lifted Spirits
9%
Memento
9%
Mint Kimono
9%
Modern Hunter
9%
Night Ops
9%
Nightshade
9%
Panther Camo
9%
Phoenix Chalk
9%
Phoenix Marker
9%
Poison Dart
9%
Red FragCam
9%
Red Rock
9%
Red Tire
9%
Remote Control
9%
Retribution
9%
Ripple
9%
Shred
9%
Silver Quartz
9%
Snek 9
9%
Tacticat
9%
Tornado
9%
Twist
9%
Urban Rubble
9%
Urban Shock
9%
VariCamo
9%
Ventilators
9%
Violent Daimyo
9%
Wingshot
9%
Wraiths
9%
Anodized Gunmetal
5%
Army Sheen
5%
Balance
5%
Black & Tan
5%
Blast From the Past
5%
Circaetus
5%
Coach Class
5%
Contaminant
5%
Contamination
5%
Cyber Shell
5%
Dark Filigree
5%
Dispatch
5%
Distressed
5%
Drought
5%
Dualing Dragons
5%
Elite 1.6
5%
Emerald Quartz
5%
Exchanger
5%
Facets
5%
Facility Draft
5%
Framework
5%
Grassland Leaves
5%
Green Plaid
5%
Imprint
5%
Jungle Dashed
5%
Marina
5%
Midnight Palm
5%
Moon in Libra
5%
Oil Change
5%
Orange Murano
5%
Pyre
5%
Switch Board
5%
Tread
5%
Tread Plate
5%
Triumvirate
5%
Vendetta
5%
Verdigris
5%
Withered Vine
5%
No matching quizzes found
Score Distribution
Percent of People with Each Score
Percentile by Number Answered
Your Score History
You have not taken this quiz